| 000 | 02147nam0a2200409 4500 | ||
|---|---|---|---|
| 001 | RU\NLR\bibl\1804030 | ||
| 005 | 20260407053349.0 | ||
| 010 |
_a978-5-98709-362-7 _9500 |
||
| 021 |
_aRU _b2011-58780 _94153 |
||
| 035 | _a(nilc)RSL-KNO-004984433 | ||
| 035 | _a(NLR Aleph) 001794683 | ||
| 090 |
_a1776538 _c1776538 |
||
| 100 | _a20110802d2011 |||y0rusy50 ca | ||
| 101 | 0 | _arus | |
| 102 | _aRU | ||
| 105 | _aa zzzz||||| | ||
| 200 | 1 |
_aИсследование процесса становления профессиональной компетентности будущих педагогов _f[О.В. Акулова, И.С. Батракова, И.В. Гладкая и др. _gнауч. ред.: Г. А. Бордовский и др.] _gРоссийский гос. пед. ун-т им. А. И. Герцена, Науч.-исслед. ин-т непрерывного пед. образования |
|
| 210 |
_aСанкт-Петербург _cЛема _d2011 |
||
| 215 |
_a194 с. _cил., табл. _d20 |
||
| 300 | _aАвт. указаны на обороте тит.л. | ||
| 320 | _aБиблиогр.: с. 189-194 (103 назв.) | ||
| 606 | 1 |
_aБакалавры педагогики _xПодготовка _xКомпетентностный подход _92621648 _3RU\NLR\auth\661558208 |
|
| 686 |
_aЧ489.511,6(2)203,0 _2rubbk |
||
| 686 | _aЧ489.511.221 | ||
| 701 | 1 |
_aАкулова _bО. В. _gОльга Владимировна _4070 |
|
| 701 | 1 |
_aБатракова _bИ. С. _gИнесса Сергеевна _4070 |
|
| 701 | 1 |
_aГладкая _bИ. В. _gИрина Вячеславовна _4070 |
|
| 702 | 1 |
_4340 _8rus _7ca _aБордовский _bГ.А. _f1941- _gГеннадий Алексеевич _3RU\NLR\auth\7719630 _92702 |
|
| 712 | 0 | 2 |
_4570 _aНИИ непрерывного педагогического образования _cСанкт-Петербург _3RU\NLR\AUTH\8810023293 _9544590 |
| 801 | 0 |
_aRU _bRuMoRKP _c20110802 _grcr |
|
| 801 | 1 |
_aRU _bRuMoRGB _c20110802 |
|
| 801 | 2 |
_aRU _bNLR _c20110831 _grcr |
|
| 830 | _aавт. по базе | ||
| 942 | _cBOOK | ||
| 980 | _aNB | ||
| 980 | _aNBR | ||